| 000 | 00709nam a22002537a 4500 | ||
|---|---|---|---|
| 003 | OSt | ||
| 005 | 20170806102436.0 | ||
| 008 | 140630b xxu||||| |||| 00| 0 eng d | ||
| 020 | _a9780199567409 | ||
| 040 |
_aLDCLIB _cLDCLIB |
||
| 082 |
_222. _a340.11 _bCOW |
||
| 100 | _aCownie, Fiona. | ||
| 245 |
_aEnglish Legal System in Context / _c Fiona Cownie, Anthony Bradney and Mandy Burton. |
||
| 250 | _a4th ed. | ||
| 260 |
_aUSA : _bOxfor Univ. Press, _c2007. |
||
| 300 |
_axxv, 421 p. ; _c25 cm. |
||
| 500 | _aIncludes Index | ||
| 650 | _aLaw | ||
| 650 | _aLegal writing | ||
| 650 | _aEnglish legal system in context | ||
| 700 | _aBradney, Anthony. | ||
| 700 | _aBurton, Mandy. | ||
| 942 |
_2ddc _cBK |
||
| 999 |
_c5897 _d5897 |
||